000
00308nam a2200133Ia 4500
008
191201s2007 xx 000 0 und d
082
_a
658.87
_b
COR
100
_a
COX, Roger
245
0
_a
Retailing: An Introduction
260
_a
N. Delhi
_b
Pearson
_c
2007
300
_a
348
650
_a
BBA
942
_2
ddc
_c
BK
999
_c
5951
_d
5951